000 00479nam a2200169Ia 4500
999 _c12325
_d12325
003 OSt
005 20201015102326.0
008 190216s9999||||xx |||||||||||||| ||und||
040 _coclc
082 _a820.82
_bPOL/C
100 _aPollard, Arthur
_95750
245 0 _aCharlotte Bronte /
_cArthur Pollard
260 _bVikas Publications,
_c1968.
_aDelhi :
300 _a119p
650 _aEnglish Stories
942 _cBK
_2ddc
_h820.82
_iPOL/C
_k820.82
_mPOL/C